000 00237nam a2200097Ia 4500
008 190216s9999||||xx |||||||||||||| ||und||
100 _aViman K Prakasham
245 0 _aVysamaha Bharatham Vol1 5 6 9 16 18 20
260 _bNull
942 _cBK
999 _c25067
_d25067